Buffalo Bills Career Passing Yards Leaders - Statistics

General Stats
  • This quiz has been taken 18 times
  • The average score is 8 of 15
Answer Stats
Passing Yards Player % Correct
35,467 Jim Kelly
100%
30,102 Josh Allen
100%
10,151 Drew Bledsoe
69%
27,590 Joe Ferguson
69%
11,654 Ryan Fitzpatrick
69%
8,857 Tyrod Taylor
69%
7,582 Doug Flutie
63%
15,134 Jack Kemp
56%
6,211 J.P. Losman
44%
4,798 Rob Johnson
38%
3,502 EJ Manuel
31%
5,739 Trent Edwards
31%
6,286 Dennis Shaw
19%
3,018 Kyle Orton
19%
3,218 Todd Collins
0%
No matching quizzes found
Score Distribution
Percent of People with Each Score
Percentile by Number Answered
Your Score History
You have not taken this quiz